1379 1835 1861 1516 1794 1097 1114 1033 1725 1421 1174 1702 1239 1728 1109 1941 1473 1249 1222 1554 1647 1617 1897 1811 1044 1027 1729 1088 1747 1535 1948 1345 1250 1755 1360 1488 1961 1768 1755 1478 1810 1018 1236 1507 1925 1840 1517 1293 1779 1240 1357 1145 1834 1174 1491 1388 1158 1840 1515 1378 1388 1312 1401 1673 1654 1318 1642 1329 1376 1064 1155 1166 1860 1710 1352 1814 1305 1647 1731 1886 1233 1395 1667 1350 1227 1910 1867 1698 1082 1100 1495 1176 1039 1506 1142 1154 1595 1250 1273 BCNSPRNW ULIB Ver.6.0+V

เปลี่ยนเป็นภาษาไทย

Change to English
 แสดงรายละเอียดบรรณานุกรม
  กลับหน้าหลัก

Brief Record : Get Marc (ISO 2709) : E-mail record : QR code < ปิดหน้าต่าง
LEADER : 00000nam 2200000uu 4500
001    13399127945
003     ULIB
008    211116s2019||||th 000 0 tha d
020    ^a9781975121365
060 04 ^aWB17^bL987L
100 1  ^aLynn, Pamela
245 10 ^aLippincott s photo atlas of medication administration /^cPamela, Lynn
246 Ph ^ato atlas of medication administration
250    ^a6th ed.
260    ^aPhiladelphia :^bLippincott Williams & Wilkins,^c2019
300    ^a115 p. :^bill. ;^c28 cm.
650  2 ^aDrug Therapy^xnurses instruction
650  2 ^aPharmaceutical Preparation^xnurses instruction
650  2 ^aPharmacology^xnurses instruction
650  2 ^aPharmaceutical Preparation^xadministration & dosage
945    ^p1555^l0^i008533
999    ^aประนอม เกษจรัล
รายการนี้ยังไม่มีแท็ก
คุณยังไม่ได้ล็อกอิน คุณสามารถมีกิจกรรมร่วมกับเว็บไซต์ได้ แต่ต้องล็อกอินก่อน ::
  ล็อกอิน

รายการสื่อสารสนเทศ

ลำดับที่ ประเภท เลขเรียก/บาร์โค้ด สถานที่ สถานะ
1. วิทยาศาสตร์การแพทย์ และสุขภาพ
หนังสือสำรอง
สถานะ=หนังสือสำรอง
WB17 L987L ฉ.1 
  Barcode: 008533
ห้องสมุดวิทยาเขตสวรรค์ประชารักษ์
►หนังสือทั่วไป
บนชั้น

รายการใกล้เคียง
    ผู้แต่ง [Lynn, Pamela]

BibComment


ยังไม่เคยถูกคอมเมนท์

คอมเมนท์ทรัพยากรรายการนี้
  คอมเมนท์: Lippincott s pho..


 Copyright 2026. Bcnsprnw @Library